Loading...
| Fine Arts - Auditory Fine Arts | 6 | 13.33 | 100% | 33% | 0% |
| Fine Arts - Other Fine Arts | 2 | 10.00 | 100% | 0% | 0% |
| Fine Arts - Visual Fine Arts | 3 | 16.67 | 100% | 67% | 0% |
| History - American History | 5 | 18.00 | 100% | 80% | 0% |
| History - European History | 5 | 12.00 | 80% | 40% | 0% |
| History - Other History | 1 | 10.00 | 100% | 0% | 0% |
| History - World History | 4 | 20.00 | 100% | 75% | 25% |
| Literature - American Literature | 7 | 21.43 | 100% | 86% | 29% |
| Literature - British Literature | 5 | 16.00 | 100% | 40% | 20% |
| Literature - European Literature | 3 | 20.00 | 100% | 100% | 0% |
| Literature - World Literature | 3 | 16.67 | 100% | 67% | 0% |
| Mythology | 2 | 15.00 | 100% | 50% | 0% |
| Other Academic | 1 | 10.00 | 100% | 0% | 0% |
| Philosophy | 2 | 25.00 | 100% | 100% | 50% |
| Pop Culture | 2 | 15.00 | 100% | 50% | 0% |
| Religion | 5 | 12.00 | 80% | 40% | 0% |
| Science - Biology | 4 | 17.50 | 100% | 75% | 0% |
| Science - Chemistry | 3 | 10.00 | 100% | 0% | 0% |
| Science - Other Science | 6 | 16.67 | 100% | 67% | 0% |
| Science - Physics | 5 | 14.00 | 100% | 40% | 0% |
| Social Science | 6 | 18.33 | 100% | 50% | 33% |